000 00227nam a2200097Ia 4500
008 120527s9999 xx 000 0 und d
100 _aCARDANHA,JUDITH,M.
245 _aCareer reading Skills.
260 _bHomewood.
942 _cBK
999 _c23938
_d23938